00599nam a22001817a 450000500170000001000150001702000260003203500130005803700130007108200200008410000200010424500960012426000460022027000660026630000470033250000190037970000190039820230515113553.0 aENG-116231 a9780199466504c300.00 aEN-99763 bDBAD/PUB a333.95822095454 aAsad R. Rehmani aThreatented Birds of Odisha /cby Asad R. Rahmani [and] Manoj V. Nair ;ed by M.R.Maithreyi aNew Delhi bOxford University Pressc2015 aYMCA Library Building, 1 Jai Singh Road, bNew Delhi e110001 axii,184p. :c22cm(pbk)bill (Maps) -(col) aIncludes index aNair,Manoj V.